| 000 | 00589nam a2200217Ia 4500 | ||
|---|---|---|---|
| 005 | 20260429112144.0 | ||
| 008 | 260429s9999||||xx |||||||||||||| ||und|| | ||
| 020 | _a9781305251403 | ||
| 041 | _aEnglish | ||
| 082 |
_a613.71 _bHOE |
||
| 100 | _aHoeger, Werner W. K. | ||
| 245 | 0 |
_aPrinciples and labs for physical fitness / _cWerner W. K. Hoeger |
|
| 250 | _a10th ed. | ||
| 260 |
_aAustralia : _bCengage Learning, _c2021. |
||
| 300 | _axvii, 507 p.; pbk | ||
| 650 | _a Muscular fitness | ||
| 650 | _a Wellness | ||
| 650 | _aFitness | ||
| 700 | _a Hoeger, Sharon A. | ||
| 942 | _cTB | ||
| 999 |
_c52637 _d52637 |
||